<?xml version="1.0" encoding="UTF-8"?>
<record
    xmlns:xsi="http://www.w3.org/2001/XMLSchema-instance"
    xsi:schemaLocation="http://www.loc.gov/MARC21/slim http://www.loc.gov/standards/marcxml/schema/MARC21slim.xsd"
    xmlns="http://www.loc.gov/MARC21/slim">

  <leader>02702cab a2200337Ia 45 0</leader>
  <controlfield tag="001">u195142</controlfield>
  <controlfield tag="003">SIRSI</controlfield>
  <controlfield tag="008">110926s2007    ua     ss b         eng d</controlfield>
  <datafield tag="040" ind1=" " ind2=" ">
    <subfield code="a">EAL</subfield>
  </datafield>
  <datafield tag="041" ind1=" " ind2=" ">
    <subfield code="a">eng</subfield>
    <subfield code="b">ara</subfield>
  </datafield>
  <datafield tag="090" ind1=" " ind2=" ">
    <subfield code="a">ART EJAR V85 No2 17</subfield>
  </datafield>
  <datafield tag="100" ind1="1" ind2=" ">
    <subfield code="a">Ismail, A. M. A. I.</subfield>
  </datafield>
  <datafield tag="240" ind1="1" ind2="0">
    <subfield code="a">Egyptian journal of agricultural research, 2007 v. 85 (2)</subfield>
    <subfield code="h">[electronic resource].</subfield>
  </datafield>
  <datafield tag="245" ind1="1" ind2="0">
    <subfield code="a">Response of sweet sorghum (Sorghum bicolor l.) to mineral nitrogen and biofertilization</subfield>
    <subfield code="h">[electronic resource].</subfield>
  </datafield>
  <datafield tag="246" ind1="1" ind2="5">
    <subfield code="a">&#x627;&#x633;&#x62A;&#x62C;&#x627;&#x628;&#x629; &#x627;&#x644;&#x630;&#x631;&#x629; &#x627;&#x644;&#x633;&#x643;&#x631;&#x64A;&#x629; &#x644;&#x644;&#x62A;&#x633;&#x645;&#x64A;&#x62F; &#x627;&#x644;&#x646;&#x62A;&#x631;&#x648;&#x62C;&#x64A;&#x646;&#x649; &#x627;&#x644;&#x645;&#x639;&#x62F;&#x646;&#x649; &#x648; &#x627;&#x644;&#x62D;&#x64A;&#x648;&#x649;.</subfield>
  </datafield>
  <datafield tag="300" ind1=" " ind2=" ">
    <subfield code="a">p.573-586.</subfield>
  </datafield>
  <datafield tag="504" ind1=" " ind2=" ">
    <subfield code="a">Includes references.</subfield>
  </datafield>
  <datafield tag="520" ind1=" " ind2=" ">
    <subfield code="a">Two field experiments were carried out on a clay loamy soil at the experimental field of the Agricultural Research Station Sabaheia, Alexandria during 2001 and 2002 seasons, to study the effect of three levels of a mineral nitrogen fertilizer (40, 60 and 80 kg N/fed in urea form) and three levels of biofertilizer (0, 800 and 1600 g cerealin/fed) on sweet sorghum var. Collier. The experiments design was a split plot with four replications.The results showed that leaf area (cm2), stalk yield (ton/fed), juice yield (ton/fed), total soluble solids % and sucrose % were significantly responded to the mineral nitrogen fertilizer in both seasons and plant length, stalk diameter, purity % and extraction percentage in the 1st season. Cerealin application significantly increased stalk diameter, leaf area (cm2), stalk yield (ton/fed), juice yield (ton/fed), sucrose %, purity % in both seasons while total soluble solids % was significantly affected by cerealin in the 1st season and plant length in the 2nd season. Interaction effect between nitrogen and cerealin fertilizers significantly increased sucrose % and purity % in both seasons and juice yield and stalk yield in the 1st season. Otherwise, stalk length, diameter, leaf area and extraction % were insignificantly affected by interaction between nitrogen and cerealin fertilizers.This study recommends the application of nitrogen fertilizer at 80 kg N/fed and/or 1600 g cerealin/fed to yield the highest value of stalk yield of sweet sorghum.</subfield>
  </datafield>
  <datafield tag="546" ind1=" " ind2=" ">
    <subfield code="a">Summary in Arabic.</subfield>
  </datafield>
  <datafield tag="650" ind1=" " ind2="0">
    <subfield code="a">Sorgo</subfield>
    <subfield code="x">Yields.</subfield>
  </datafield>
  <datafield tag="650" ind1=" " ind2="0">
    <subfield code="a">Nitrogen fertilizers.</subfield>
  </datafield>
  <datafield tag="650" ind1=" " ind2="0">
    <subfield code="a">Biofertilizers.</subfield>
  </datafield>
  <datafield tag="650" ind1=" " ind2="0">
    <subfield code="a">Sorgo</subfield>
    <subfield code="x">Spacing.</subfield>
  </datafield>
  <datafield tag="650" ind1=" " ind2="3">
    <subfield code="a">mineral fertilizers.</subfield>
  </datafield>
  <datafield tag="700" ind1="1" ind2=" ">
    <subfield code="a">Mohamed, SH. A.</subfield>
  </datafield>
  <datafield tag="700" ind1="1" ind2=" ">
    <subfield code="a">Mohmoud, Samia Y.</subfield>
  </datafield>
  <datafield tag="700" ind1="1" ind2=" ">
    <subfield code="a">Zohdy, Nahed O.</subfield>
  </datafield>
  <datafield tag="773" ind1="0" ind2=" ">
    <subfield code="t">Egyptian Journal of Agricultural Research. </subfield>
    <subfield code="g">2007.v.85(2)</subfield>
    <subfield code="x">0111-6336</subfield>
    <subfield code="7">nnas</subfield>
    <subfield code="w">u158585</subfield>
  </datafield>
  <datafield tag="856" ind1="4" ind2="0">
    <subfield code="u">http://nile.enal.sci.eg/EALE/2007/EJAR/8507/2/573.pdf</subfield>
    <subfield code="z">Full Text Article</subfield>
  </datafield>
  <datafield tag="596" ind1=" " ind2=" ">
    <subfield code="a">1</subfield>
  </datafield>
  <datafield tag="942" ind1=" " ind2=" ">
    <subfield code="c">AR</subfield>
    <subfield code="2">lcc</subfield>
  </datafield>
  <datafield tag="999" ind1=" " ind2=" ">
    <subfield code="c">48309</subfield>
    <subfield code="d">48309</subfield>
  </datafield>
</record>
